000 01093nam a22003017a 4500
001 4856
003 FISKH
005 20260326082104.0
008 241018b cb ||||| |||| 00| 0 eng d
020 _a9780194234351
040 _aFISKH
_beng
_cFISKH
_dFISKH
050 _aPE1128
082 _a428.6
100 _aLindop, Christine
245 _aThe Girl with Red Hair /
_cby Christine Lindop
250 _aFirst published 2009
260 _aNew York :
_bOxford University Press ;
_c2009 .
300 _a40 pages :
_bcolor illustrations ;
_c21 cm .
490 _aOxford Bookworm
_vStarter
505 _aF
520 _aReading a complete story in English gives students a great sense of achievement -- and encourages them to read more. The Oxford Bookworms Library offers a variety of titles. The books are graded at six vocabulary levels ranging from 250 words (Starter) to 2,500 (Advanced).
521 8 _a300
_bLexile
521 8 _aF
_bRaz-Plus
650 _adrama
_vRomance
700 _aVicent, Matt
_eillustrator
942 _2ddc
_cBK
_n0
999 _c4856
_d4856